000 01181nam a22001817a 4500
008 161107b xxu||||| |||| 00| 0 eng d
020 _a9780205749492
050 _a HM586
_b.M33 2010
100 _aMacionis, John J.
245 _aSociology /
_cJohn J. Macionis
250 _a13th ed
260 _aUpper Saddle River, NJ :
_bPrentice Hall,
_c2010
300 _a xxiii, 720 p. :
_bill. (chiefly col.), col. maps ;
_c29cm
500 _a Includes bibliographical references and indexes
505 _a The sociological perspective -- Sociological investigation -- Culture -- Society -- Socialization -- Social interaction in everyday life -- Groups and organizations - - Sexuality and society -- Deviance -- Social stratification -- Social class in the United States -- Global stratification -- Gender stratification -- Race and ethnicity -- Aging and the elderly -- The economy and work -- Politics and government -- Families -- Religion -- Education -- Health and medicine -- Population, urbanization, and environment -- Collective behavior and social movements -- Social change : traditional, modern, and postmodern societies
650 _aSociology
942 _2lcc
_cBK
999 _c47143
_d47143